The chemistry of the terpenes

This book introduce the essential oils, determination of structure, acyclic monoterpenes, diterpenes,...

Uloženo v:
Podrobná bibliografie
Hlavní autor: Pinder, A. R.
Médium: Kniha
Jazyk:Undetermined
Vydáno: London Chapman & hann Ltd 1960
Témata:
Tagy: Přidat tag
Žádné tagy, Buďte první, kdo otaguje tento záznam!
Thư viện lưu trữ: Trung tâm Học liệu Trường Đại học Cần Thơ
LEADER 00663nam a2200193Ia 4500
001 CTU_161018
008 210402s9999 xx 000 0 und d
082 |a 547.71 
082 |b P648 
100 |a Pinder, A. R. 
245 4 |a The chemistry of the terpenes 
245 0 |c A. R. Pinder 
260 |a London 
260 |b Chapman & hann Ltd 
260 |c 1960 
520 |a This book introduce the essential oils, determination of structure, acyclic monoterpenes, diterpenes,... 
650 |a Terpenes,Essential oils,Terpene (nhóm các hydrocacbon không no),Tinh dầu 
904 |i Thuỳ, Năm 
980 |a Trung tâm Học liệu Trường Đại học Cần Thơ